01016njm a22002537a 4500008004100000041001800041100004200059240002800101245014000129260002400269300001700293306003500310500004800345500005100393650001700444700005100461700002900512700002200541700002600563710004800589942001200637999001300649952010000662110324t xxu||||| |||| 00| 0 eng d aitaditageng aMonteverdi, Claudio,d1567-1643.935710aIncoronazione di Poppea12aL'incoronazione di PoppeabOpera in a prologue and three actscmusic by Claudio Monteverdi ; libretto by G.F. Busenellohvideorecording aLondonbDeccac2008 a2 DVDs NTSC a193 min (opera) 41 min (bonus) aOpera in a prologue and three acts (1643) aReorded at the Glyndbourne Festival, June 2008 0aOperas.988411aBusinello, Giovanni Francesco,d1598-1659935811aDe Niese, Danielle.933311aCoote, Alice935911aHaim, Emmanuelle9360 aOrchestra of the Age of Enlightenment.9340 2ddccBK c189d189 001040708NFICaMPLbMPLcAVd2014-09-04p39999000007930r2014-09-04 00:00:00w2014-09-04yVM